[Event "First Saturday 2006 augusztus FM-A"]
[Site "Budapest"]
[Date "2006.08.17"]
[Round "13"]
[White "Fekete, Jozsef"]
[Black "Hoang, Tri"]
[Result "0-1"]
[WhiteElo "2193"]
[BlackElo "2147"]
[PlyCount "100"]
[EventDate "2006.08.05"]

1. d4 d5 2. Bf4 Nf6 3. e3 c5 4. c3 cxd4 5. exd4 Nc6 6. Bd3 Bg4 7. Ne2 e6 8. Qb3
Qd7 9. Nd2 Be7 10. Ng3 Bh5 11. Nxh5 Nxh5 12. Be3 Bd6 13. g3 h6 14. Qd1 Nf6 15.
f4 Ne7 16. Nf3 Ng4 17. Bd2 f5 18. Ne5 Nxe5 19. fxe5 Bc7 20. h4 h5 21. Be2 g6
22. Bg5 Bd8 23. Qd2 Nc6 24. Be3 Be7 25. O-O Kf7 26. b3 Rhd8 27. Kg2 Rac8 28.
Rfd1 Qc7 29. Rac1 a6 30. Bg5 b5 31. Qf4 Na5 32. g4 hxg4 33. Bxg4 Bxg5 34. Qxg5
Qe7 35. Qxe7+ Kxe7 36. Be2 Rh8 37. Kg3 Rh6 38. Rh1 Rch8 39. Rb1 g5 40. a4 Rxh4
41. Rxh4 Rxh4 42. axb5 axb5 43. Bxb5 f4+ 44. Kg2 Rg4+ 45. Kf2 Rg3 46. c4 Rxb3
47. Rxb3 Nxb3 48. cxd5 exd5 49. Be2 Nxd4 50. Bg4 Nc6 0-1

[Event "First Saturday 2006 augusztus FM-A"]
[Site "Budapest"]
[Date "2006.08.17"]
[Round "13"]
[White "Letay, Gyula"]
[Black "Juhasz, Mark"]
[Result "0-1"]
[WhiteElo "2172"]
[BlackElo "2169"]
[PlyCount "92"]
[EventDate "2006.08.05"]

1. e4 c5 2. Nf3 d6 3. d4 cxd4 4. Nxd4 Nf6 5. Nc3 a6 6. Be2 e5 7. Nb3 Be7 8. O-O
Be6 9. f4 Qc7 10. f5 Bc4 11. Be3 Nbd7 12. a4 Rc8 13. Nd2 Nb6 14. a5 Bxe2 15.
Qxe2 Nc4 16. Nxc4 Qxc4 17. Qf3 Qb4 18. Rfb1 Rc4 19. Ra4 Qxa4 20. Nxa4 Rxa4 21.
b4 O-O 22. Bg5 d5 23. exd5 Rc8 24. Bxf6 gxf6 25. Qe4 Rc3 26. h4 Ra2 27. d6 Bxd6
28. Rd1 Rc6 29. c4 Ra4 30. c5 Bxc5+ 31. Kh1 Rxb4 32. Qe1 Rg4 33. g3 Bb4 34. Qf2
Rc3 35. Kh2 Bxa5 36. Rd7 Rcxg3 37. Qxg3 Rxg3 38. Kxg3 b5 39. Ra7 Be1+ 40. Kg4
a5 41. h5 Kg7 42. Kf3 Bc3 43. Ke4 b4 44. Rxa5 b3 45. Ra7 b2 46. Rb7 Kh6 0-1

[Event "First Saturday 2006 augusztus FM-A"]
[Site "Budapest"]
[Date "2006.08.17"]
[Round "13"]
[White "Szabo, Bence"]
[Black "Mizsei, Janos"]
[Result "1/2-1/2"]
[WhiteElo "2040"]
[BlackElo "2131"]
[PlyCount "21"]
[EventDate "2006.08.05"]

1. d4 Nf6 2. Nf3 g6 3. c4 Bg7 4. Bf4 O-O 5. e3 d6 6. Nc3 Bg4 7. Be2 Nbd7 8. O-O
Nh5 9. Bg3 Nxg3 10. hxg3 c5 11. Rc1 1/2-1/2